Halálozás
Správa o smrti advokáta, kriminalistu Dr. Ľudovíta (Lajos) Friedu v Budapesti v marci 19187. [Menovaný pôsobil dlhé roky na Zemplíne ako advokát a až v roku 1909 sa odsťahoval do Budapesti, kde pôsobil ako kriminalista.]
| Médium: | Článok |
|---|---|
| Jazyk: | Hungarian |
| Témy: | |
| Zdroj: |
1. Felvidéki Hirlap 1. Roč. 12, č. 8-9 (16.03.1918) s. 3 |
| LEADER | 01017nab#a2200325#ar4500 | ||
|---|---|---|---|
| 001 | 000074773 | ||
| 003 | SVKKK | ||
| 005 | 20050419xxxxxxx. | ||
| 008 | 06 c xo huno | ||
| FMT | |||
| 038 | |a SVKKK | ||
| 040 | |a SVKKK |b slo |e AACR2 | ||
| 041 | 0 | |a hun | |
| 044 | |a xo |c SK | ||
| 080 | |a 343.9-051 | ||
| 080 | |a 347.965 | ||
| 242 | 1 | 0 | |a Úmrtie |
| 245 | 0 | 0 | |a Halálozás |
| 500 | |a mikrofilm | ||
| 520 | 2 | |a Správa o smrti advokáta, kriminalistu Dr. Ľudovíta (Lajos) Friedu v Budapesti v marci 19187. [Menovaný pôsobil dlhé roky na Zemplíne ako advokát a až v roku 1909 sa odsťahoval do Budapesti, kde pôsobil ako kriminalista.] | |
| 650 | 0 | 4 | |a úmrtie - Fried, Ľudovít (advokát, kriminalista, 18??-1918) - Budapest (HU) - marec 1918 - správy |
| 773 | 0 | |t Felvidéki Hirlap |g Roč. 12, č. 8-9 (16.03.1918) s. 3 | |
| 957 | |a Budapest (HU) | ||
| 957 | |a Zemplín (oblasť) | ||
| 958 | |a DG | ||
| 958 | |a SK | ||
| 974 | |a Ba |d 20050419 | ||
| 992 | |a RBX | ||
| BAS | |||
| 998 | |a RETRO | ||